000 03000nam a2200349 i 4500
001 000046551
003 DO-SdBNP
005 20250213091026.0
007 ta
008 150825s2015 dr ac 000 0 spa d
020 _a9789945874938
040 _aDO-SdBNP
_bspa
_cBNPHU
_erda
041 _aspa
082 4 _a972.93054
_bF745r
_222
100 1 _aFortunato, René,
_d1958-
_eautor
_4aut.
_955460
245 1 0 _aUna primavera para el mundo :
_bla revolución constitucionalista de 1965; álbum 50 aniversario /
_cRené Fortunato ; prólogo, Hugo Tolentino Dipp.
264 1 _aSanto Domingo, República Dominicana :
_bVideocine Palau,
_c2015.
300 _a429 páginas :
_bilustraciones, retratos ;
_c31 cm.
336 _atexto
_btxt
_2rdacontent
337 _asin mediación
_bn
_2rdamedia
338 _avolumen
_bnc
_2rdacarrier
490 0 _aColección Documentos de Historia Contemporánea
_vvolumen 3
500 _aIncluye índice onomástico
504 _aBibliografía : p. 415-417
505 0 _aIntroducción --
_tRepercusión internacional de la revolución constitucionalista. Pronunciamientos y declaraciones de las más importantes personalidades del mundo sobre la revolución constitucionalista del 1965 --
_tLyndon B. Johnson. Discurso del presidente de los Estados Unidos 28 de abril de 1965 y 2 de mayo de 1965 --
_tCharles de Gaulle, presidente de Francia --
_tEduardo Frei Monsalva, presidente de Chile --
_tRaúl Leoni, presidente de la República de Venezuela --
_tPapa Pulo VI --
_tSalvador Allende, Senador de la República de Chile --
_tWilliam Fulbright, Senador y presidente de la comisión de relaciones exteriores del senado de Estados Unidos --
_tLázaro Cárdenas, ex presidente de México (1934-1940) --
_tArturo Frondizi, ex presidente de Argentina (1958-1962) --
_tIntelectuales franceses --
_tIntelectuales estadoudinenses --
_tFidel Castro, primer ministro del gobierno revolucionario de Cuba. Discurso del 1 de mayo de 1965 --
_tLa debilidad de la fuerza Juan Bosch --
_tCronología de acontecimientos Santo Domingo, América Latina y el resto del mundo. 24 de abril al 3 septiembre de 1965 --
_tDiscursos del Presidente de la República, Francisco Alberto Caamaño Deñó, y del Doctor Aníbal Campagna 3 de septiembre de 1965 --
_tAcontecimientos de postguerra --
_tRegreso a Santo Domingo del ex presidente Juan Bosch --
_tManifestación y disturbios en la avenida Duarte --
_tAtaque al Hotel Matum en Santiago --
_tSalida al exterior del coronel Caamaño y otros altos oficiales constitucionalistas --
_tDeclaración del Coronel Francisco Alberto Caamaño Deñó --
_tMilitares constitucionalistas que viajaron junto a Caamaño.
590 _aInventariado, 2019/MFF
651 4 _aRepública Dominicana
_xHistoria
_yRevolución, 1965
_92167
651 4 _aRepública Dominicana
_xHistoria
_yRevolución ,1965
_vFotografías
_969379
700 1 _aTolentino Dipp, Hugo,
_d1930-2019
_eprologuista
_4pr.
_912717
910 _aVMateo / Validado. Control de calidad MFF
942 _2ddc
_cLBS1
999 _c46040
_d46040